Normal view MARC view
  • United Kingdom

Entry Corporate Name

Number of records used in: 1

001 - CONTROL NUMBER

  • control field: 5789

003 - CONTROL NUMBER IDENTIFIER

  • control field: SIRSI

005 - DATE AND TIME OF LATEST TRANSACTION

  • control field: 20190806150246.0

008 - FIXED-LENGTH DATA ELEMENTS

  • fixed length control field: 090907n| acannaabn |n ana d

040 ## - CATALOGING SOURCE

  • Original cataloging agency: OSt
  • Transcribing agency: OSt

110 1# - HEADING--CORPORATE NAME

  • Corporate name or jurisdiction name as entry element: United Kingdom
  • Subordinate unit: Parliament
  • Subordinate unit: House of Commons
  • Subordinate unit: Business and Enterprise Committee

670 ## - SOURCE DATA FOUND

  • Source citation: Pub companies, 2009